| 000 | 01429nam a2200325 i 4500 | ||
|---|---|---|---|
| 001 | 166165 | ||
| 003 | ES-MaACL | ||
| 005 | 20250804054035.0 | ||
| 008 | 931025s1778 sp a |||| | spa d | ||
| 100 | 0 |
_aTeresa de Jesús, _cSanta, _d1515-1582 _9226510 |
|
| 245 | 1 | 0 | _aObras de la gloriosa madre Santa Teresa de Jesús... |
| 260 |
_aEn Madrid : _ben la Imprenta de Josef Doblado ..., _c1778. |
||
| 300 |
_a[44], 686 p. [2] h. de grab. ; _c4º mayor (26 cm) |
||
| 505 | 8 | _aContiene: Vida ; Camino de perfección ; Avisos de la Santa... para sus monjas | |
| 530 | _aDisponible en formato digital. | ||
| 594 | _aEn anteport.: "Obras de ... Santa Teresa de Jesús. Tomo I" | ||
| 597 | _aSign.: [ ]2, a3, b-e4, [ ]1, A-Z4, 2A-2Z4, 3A-3Z4, 4A-4Q4, 4R3. | ||
| 597 | _aPort. a dos tintas con viñeta xil. | ||
| 599 | _aLas 2 h. de grab. son calc.: "Iº ¯a Palam.º sculp., entre p. [44] y 1, 396 y 397. | ||
| 650 | 7 |
_aVida cristiana _2embne _917790 |
|
| 650 | 4 |
_aDios- _xAdoración y amor. _9170988 |
|
| 650 |
_aPerfección cristiana. _9136680 |
||
| 650 |
_aMisticismo. _915086 |
||
| 740 | 0 | 2 | _aVida. |
| 740 | 0 | 2 | _aCamino de perfección. |
| 740 | 0 | 2 | _aAvisos de la Santa... para sus monjas. |
| 852 |
_aES-MaACL _jR-197-198 _z- Enc. pasta española _x Olim: B-81-82 |
||
| 856 |
_uhttp://hdl.handle.net/10347/1517 _zRepositorio Institucional da Universidade de Santiago de Compostela |
||
| 999 |
_c166165 _d166165 |
||